Making mediation/arbitration hybrid work: a personal experience (Record no. 69710)

MARC details
000 -LEADER
fixed length control field 01223cam a2200217 4500
001 - CONTROL NUMBER
control field ABS65126
008 - FIXED-LENGTH DATA ELEMENTS--GENERAL INFORMATION
fixed length control field 020306n2002 000 0 eng u
035 ## - SYSTEM CONTROL NUMBER
System control number (Sirsi) u117020
100 ## - MAIN ENTRY--PERSONAL NAME
Personal name Oghigian, H.
245 ## - TITLE STATEMENT
Title Making mediation/arbitration hybrid work: a personal experience
260 ## - PUBLICATION, DISTRIBUTION, ETC.
Date of publication, distribution, etc. 2002
490 ## - SERIES STATEMENT
Series statement Asian Dispute Resolution
Volume/sequential designation January 2002, 82-84(3)
520 ## - SUMMARY, ETC.
Summary, etc. Looks at the process of mediation/arbitration from the standpoint of personal experience. Points out that the process was more effective once they were relieved of the duties and responsibilities of arbitrator, so that as mediator they could, by agreement and voluntarily, bring out the interests and weaknesses of the parties in order to expand the dialogue and achieve settlement.
590 ## - LOCAL NOTE (RLIN)
Local note ABS
650 ## - SUBJECT ADDED ENTRY--TOPICAL TERM
Topical term or geographic name entry element MANAGEMENT-DISPUTE AVOIDANCE, MANAGEMENT AND RESOLUTION-DISPUTE MANAGEMENT AND RESOLUTION-ARBITRATION
650 ## - SUBJECT ADDED ENTRY--TOPICAL TERM
Topical term or geographic name entry element MEDIATION
650 ## - SUBJECT ADDED ENTRY--TOPICAL TERM
Topical term or geographic name entry element MANAGEMENT-DISPUTE AVOIDANCE, MANAGEMENT AND RESOLUTION-DISPUTE MANAGEMENT AND RESOLUTION-ALTERNATIVE DISPUTE RESOLUTION-ADJUDICATION
650 ## - SUBJECT ADDED ENTRY--TOPICAL TERM
Topical term or geographic name entry element GLENCOT DEVELOPMENT AND DESIGN CO LTD V BEN BARRETT AND SON (CONTRACTORS) LTD
690 ## - LOCAL SUBJECT ADDED ENTRY--TOPICAL TERM (OCLC, RLIN)
Topical term or geographic name as entry element Dispute resolution
9 (RLIN) 6236
942 ## - ADDED ENTRY ELEMENTS (KOHA)
Suppress in OPAC 0
Holdings
Withdrawn status Lost status Source of classification or shelving scheme Damaged status Not for loan Home library Current library Shelving location Date acquired Total Checkouts Full call number Barcode Date last seen Copy number Price effective from Koha item type
    Dewey Decimal Classification     London London Journal article 06/03/2002   ABS65126 117020-1001 06/08/2019 1 06/08/2019 Journal article